All MCU Movies in 1:00 (One Minute (Marvel Cinematic Universe) - Statistics

General Stats
  • This quiz has been taken 195 times
    99 since last reset
  • The average score is 16 of 34
Answer Stats
Year Movie % Correct
2008 Iron Man
94%
2011 Thor
85%
2010 Iron Man 2
84%
2011 Captain America: The First Avenger
82%
2012 The Avengers
81%
2013 Iron Man 3
78%
2013 Thor: The Dark World
73%
2019 Avengers: Endgame
72%
2008 The Incredible Hulk
72%
2016 Captain America: Civil War
70%
2015 Avengers: Age of Ultron
69%
2014 Captain America: The Winter Soldier
66%
2018 Avengers: Infinity War
64%
2015 Ant-Man
54%
2017 Spider-Man: Homecoming
51%
2014 Guardians of the Galaxy
46%
2017 Thor: Ragnarok
46%
2016 Doctor Strange
45%
2018 Black Panther
40%
2019 Spider-Man: Far From Home
34%
2021 Spider-Man: No Way Home
34%
2022 Thor: Love and Thunder
33%
2021 Black Widow
31%
2018 Ant-Man and the Wasp
30%
2019 Captain Marvel
24%
2017 Guardians of the Galaxy Vol. 2
21%
2022 Black Panther: Wakanda Forever
18%
2023 Ant-Man and the Wasp: Quantumania
16%
2023 Guardians of the Galaxy Vol. 3
15%
2023 The Marvels
15%
2021 Shang-Chi and the Legend of the Ten Rings
12%
2022 Doctor Strange in the Multiverse of Madness
10%
2021 Eternals
10%
2024 Deadpool and Wolverine
9%
No matching quizzes found
Score Distribution
Percent of People with Each Score
Percentile by Number Answered
Your Score History
You have not taken this quiz since the last reset